Statistics for Most Common U.S. County Names

Click here to take the quiz!

General Stats

  • This quiz has been taken 39 times
  • The average score is 12 of 30

Answer Stats

RankCounty#% Correct
1Washington31
94%
4Jackson24
81%
2Jefferson26
81%
4Lincoln24
81%
17Adams12
75%
17Johnson12
72%
6Madison20
69%
10Monroe17
69%
13Grant15
63%
3Franklin25
59%
17Polk12
56%
17Lee12
50%
17Lake12
41%
12Wayne16
38%
17Clark12
34%
14Greene14
31%
14Warren14
28%
7Clay18
25%
7Montgomery18
25%
7Union18
25%
10Marion17
22%
25Scott11
22%
25Calhoun11
19%
17Douglas12
16%
17Marshall12
16%
16Carroll13
13%
25Fayette11
13%
25Morgan11
9%
25Crawford11
6%
25Lawrence11
3%

Score Distribution

Percentile by Number Answered

Percent of People with Each Score

Your Score History

You have not taken this quiz